| 000 | 00478cam a2200193ua 4500 | ||
|---|---|---|---|
| 001 | 855 | ||
| 008 | 110421n ii |||gr||||Z||||||asm | ||
| 040 | _cMAIN | ||
| 082 | _a320.3 | ||
| 245 |
_aTulonamulok sarkar _cby Purandar Gogoi |
||
| 250 | _a1st. | ||
| 260 |
_aDibrugarh: _bBanalata,988. |
||
| 300 |
_a127p.: _c30cm. |
||
| 653 | _aPolitical science | ||
| 653 | _aTulonamulok sarkar | ||
| 653 | _aComparative government | ||
| 700 |
_aGogoi, Purandar., _eAuthor. |
||
| 942 | _cBK | ||
| 999 |
_c778 _d778 |
||